01115nam a2200253 a 450000100060000000300080000600500170001400800410003103500200007204000370009204100080012908200270013710000560016424500600022026000740028030000240035450400620037865100480044071000540048894200120054299900170055495201450057195201450071643094BD-RjUL20211209053639.0190616s1950 enk b 001 0 eng  a(BD-RjUL) 43212 aDLCcOCPdUKMdEQOdBD-RjULbeng aeng a330.9436223bROA 19501 aRothschild, Kurt W.q(Kurt Wilhelm),d1914-913233414aThe Austrian economy since 1945 /cby K. W. Rothschild. aLondon ;aNew York :bRoyal Institute of International Affairs,c1950 avi, 82 p. ;c22 cm. aIncludes bibliographical references (p. 78-79) and index. 0aAustriaxEconomic conditionsy1945-91323352 aRoyal Institute of International Affairs.9132336 2ddccBK c43094d43094 00102ddc40708NFICaRUCLbRUCLcStackd1956-01-10eSurplciu Merhallg6.00l0o330.9436 ROA 1950r2016-06-19 00:00:00tC-2w2021-12-09yBK 00102ddc40708NFICaRUCLbRUCLcStackd1956-01-10eSurplciu Merhallg7.00l0o330.9436 ROA 1950r2016-06-19 00:00:00tC-3w2016-06-19yBK